Gordon Ramsay Quiz - Statistics

General Stats
  • This quiz has been taken 74 times
  • The average score is 13 of 20
Answer Stats
Question Answer % Correct
And what 3 jacket colors exist for contestants of that show? Blue
90%
Fill in the blanks for these iconic Gordon Ramsay lines It's {raw}!
90%
And what 3 jacket colors exist for contestants of that show? Red
90%
What is his most famous TV show? Hell's Kitchen
88%
And what 3 jacket colors exist for contestants of that show? Black
84%
What is his signature dish? Beef {Wellington}
82%
How many children does he have? 6
80%
What sport did he play as a kid? Football
80%
What type of star rating has he received 17 of in total? Michelin
80%
What country of the UK was he born in? Scotland
80%
In what TV show does he visit failing restaurants and attempts to salvage them? Kitchen Nightmares
76%
Who was the first chef to train him in London? Marco Pierre White
74%
Fill in the blanks for these iconic Gordon Ramsay lines Where's the {lamb} {sauce}?
70%
What show involves home cooks competing for the approval of three judges, one of them being him? MasterChef
64%
Which city did he continue training in during his early 20s? Paris
46%
What show is like the above, but for hotels instead? Hotel Hell
44%
Fill in the blanks for these iconic Gordon Ramsay lines Come here you, you {donkey}.
42%
What city did he later grow up in? {Stratford}-upon-Avon
32%
In 2020, he was made fun of for supposedly not being able to cook what? Grilled cheese
26%
What is his wife's name? Tana
22%
No matching quizzes found
Score Distribution
Percent of People with Each Score
Percentile by Number Answered
Your Score History
You have not taken this quiz